القرآن الكريم و التوراة و الإنجيل و العلم : (رقم التسجيلة. 247178)
[ عرض عادي ]
| 000 -الفاتح | |
|---|---|
| عناصر البيانات ثابتة الطول | 00910nam a2200241 i 4500 |
| 005 - تاريخ ووقت آخر معاملة | |
| حقل ضبط | 20251108191217.0 |
| 008 - عناصر البيانات ثابتة الطول | |
| عناصر البيانات ثابتة الطول | 250906s |||||||gr|||| 00| 0 ara d |
| 020 ## - الترقيم الدولي المعياري للكتب (ردمك) | |
| الترقيم الدولي المعياري للكتب (ردمك) | 9789777670760 |
| 040 ## - مصدر الفهرسة | |
| هيئة الفهرسة الأصلية | JO-AmGAM |
| قواعد الوصف | rda |
| 082 14 - رقم تصنيف ديوي العشري | |
| رقم التصنيف | 291.82 |
| رقم المادة | ب و ك |
| 100 1# - مدخل رئيسي – اسم شخصي | |
| الاسم الشخصي | بوكاي، موريس |
| علاقة الشخص بالعمل/ دوره | مؤلف. |
| 245 12 - بيان العنوان | |
| العنوان | القرآن الكريم و التوراة و الإنجيل و العلم : |
| بقية العنوان | دراسة الكتب المقدسة في ضوء المعارف الحديثة / |
| بيان المسؤولية | تأليف موريس بوكاي. |
| 250 ## - بيان الطبعة | |
| بيان الطبعة | الطبعة الأولى. |
| 264 31 - بيانات النشر، التوزيع…إلخ | |
| مكان النشر، التوزيع...إلخ | القاهرة : |
| اسم الناشر، الموزع...إلخ | شركة مدبولي، |
| تاريخ النشر، التوزيع...إلخ | 2020. |
| 300 ## - الوصف المادي | |
| عدد الوحدات المكونة للوعاء | 281 صفحة. |
| 336 ## - نوع المحتوى | |
| المصدر | rdacontent |
| مصطلح نوع المحتوى | نص |
| كود نوع المحتوى | txt |
| 337 ## - نوع الوسيط | |
| المصدر | rdamedia |
| مصطلح نوع الوسيط | دون وسيط عرض |
| كود نوع الوسيط | n |
| 338 ## - نوع الحامل | |
| المصدر | rdacarrier |
| مصطلح نوع الحامل | مجلد |
| كود نوع الحامل | nc |
| 650 17 - مدخل إضافي بالموضوع - مصطلح موضوعي | |
| مصطلح موضوعي أو اسم جغرافي كعنصر مدخل | الكتب المقدسة. |
| 650 17 - مدخل إضافي بالموضوع - مصطلح موضوعي | |
| مصطلح موضوعي أو اسم جغرافي كعنصر مدخل | الدين المقارن. |
| 942 ## - بيانات إضافية (كوها) | |
| نوع التنصيف | Dewey Decimal Classification |
| نوع المادة (كوها) | كتب |
| حالة السحب | حالة الفقدان | مصدر التصنيف | حالة التلف | غير قابل للإعارة | المكتبة الرئيسية | المكتبة الحالية | موقع الرف | تاريخ التزويد | مصدر التزويد | العملة | التكلفة، سعر الشراء العادي | الرقم المتسلسل | Total Checkouts | رقم الإستدعاء | الباركود | تاريخ آخر ظهور | التكلفة وسعر الاستبدال | تاريخ الفاتورة | نوع المادة (كوها) |
|---|---|---|---|---|---|---|---|---|---|---|---|---|---|---|---|---|---|---|---|
| Dewey Decimal Classification | المكتبة المركزية | المكتبة المركزية | الإعارة | 22/10/2025 | 18 | JOD | 6.00 | 1795560 | 291.82 / ب و ك | PLD00517996 | 22/10/2025 | 6.00 | 22/10/2025 | كتب | |||||
| Dewey Decimal Classification | مكتبة الأميرة ايمان العامة | مكتبة الأميرة ايمان العامة | الإعارة | 22/10/2025 | 18 | JOD | 6.00 | 1795561 | 291.82 / ب و ك | PLD00517997 | 22/10/2025 | 6.00 | 22/10/2025 | كتب | |||||
| Dewey Decimal Classification | مكتبة الجويدة | مكتبة الجويدة | الإعارة | 22/10/2025 | 18 | JOD | 6.00 | 1795563 | 291.82 / ب و ك | PLD00517999 | 22/10/2025 | 6.00 | 22/10/2025 | كتب | |||||
| Dewey Decimal Classification | مكتبة صويلح العامة | مكتبة صويلح العامة | الإعارة | 22/10/2025 | 18 | JOD | 6.00 | 1795562 | 291.82 / ب و ك | PLD00517998 | 22/10/2025 | 6.00 | 22/10/2025 | كتب | |||||
| Dewey Decimal Classification | مكتبة وادي السير العامة | مكتبة وادي السير العامة | الإعارة | 22/10/2025 | 18 | JOD | 6.00 | 1795564 | 291.82 / ب و ك | PLD00518000 | 22/10/2025 | 6.00 | 22/10/2025 | كتب |